000 00745cab a2200181 4500
001 ##L132278
008 060124n2006 000 0 eng u
035 _a(Sirsi) u132278
041 0 _aeng
100 1 _aRoberts, Gwyn
245 0 0 _aResidential and regeneration
_bdevelopment, investment and mixed use
260 _c2006
490 0 _aProperty Week
_v20 January 2006, 37-43(6)
520 _aReports on the latest business developments of property-related companies. It includes a full-length investigative report that asks if the current marketplace is turning on property investment clubs and their investors. A UK land and sites directory is also provided.
590 _aIKA310106
690 _aResidential property
_96266
942 _n0
999 _c76382
_d76382